000 00821nas a2200253 4500
001 BR2012008996
003 BR-BrBNA
005 20231205121533.0
007 ta
008 230509b bl.|||p| |||| 00| 00por d
040 _aBR-BrBNA
_bpor
_cBiblioteca Nacional de Agricultura
041 _a(Pt)
072 _aM11
100 1 _aSilva, A.C. da
100 1 _aFonteles-Filho, A.A.
245 1 _aAnálise bioecológica da produção de pescado nos litorais setentrional e oriental do Rio Grande do Norte
650 _aPEIXE MARINHO
650 _aPESCA ARTESANAL
650 _aPRODUÇÃO PESQUEIRA
650 _aEMBARCAÇÃO PESQUEIRA
773 0 _tArquivos de Ciências do Mar (Brazil)
_xISSN 0374-5686
_g(2009), v. 42(2) p. 5-20
_wBR2012008996
909 _a202311
_bLúcia
_c55
_dLúcia Elande
942 _2AGRIS
_n0
_cANA
999 _c224018
_d224018